000 00482nam a22001937a 4500
003 Ost
005 20220530113339.0
008 220528b |||||||| |||| 00| 0 eng d
020 _aNA
040 _cBT-PhCST
050 _aGD00127
082 _222
_aA1.8
_bSC
086 _aA1.8
100 _aSherubtse College.
245 _aStudent handbook 2016 /
260 _aKanglung, Bhutan :
_bSherubtse College,
_c2016.
300 _avi, 93 p. :
_bill. ;
_c21 cm.
942 _2ddc
_cGOVT. DOC.
999 _c8464
_d8464